书目信息 |
| 题名: |
白话九章算术
|
|
| 作者: | 徐品方 译注 | |
| 分册: | ||
| 出版信息: | 成都 成都时代出版社 2002 |
|
| 页数: | 408页 | |
| 开本: | 19cm | |
| 丛书名: | ||
| 单 册: | ||
| 中图分类: | O112 | |
| 科图分类: | ||
| 主题词: | 古典数学--中国--南宋 | |
| 电子资源: | ||
| ISBN: | 7-80548-807-X | |
| 000 | 00785nam0 2200265 450 | |
| 001 | 070023438540 | |
| 005 | 20051114160759.40 | |
| 010 | @a7-80548-807-X@dCNY26.00 | |
| 092 | @aCN | |
| 100 | @a20050420d2002 ekmy0chiy0120 ea | |
| 101 | 0 | @achi |
| 102 | @aCN@b510000 | |
| 105 | @ay z 000yy | |
| 200 | 1 | @a白话九章算术@9bai hua jiu zhang suan shu@f徐品方译注@Fxu pin fang yi zhu |
| 210 | @a成都@c成都时代出版社@d2002 | |
| 215 | @a408页@d19cm | |
| 300 | @a数学典籍 通俗读本 | |
| 330 | @a本书以白尚恕的《九章算术注释》为蓝本,全部译出了《九章算术》的问题、答案和“术文”。 | |
| 605 | @a九章算术@x译文 | |
| 606 | 0 | @a古典数学@y中国@z南宋 |
| 690 | @aO112@v4 | |
| 701 | 0 | @a徐品方@Axu pin fang@4译注 |
| 801 | 0 | @aCN@bNLC@c20051114 |
| 905 | @a10447@dO112@e38 | |
| 999 | @aAFJ | |
| 白话九章算术/徐品方译注.-成都:成都时代出版社,2002 |
| 408页;19cm |
| 数学典籍 通俗读本 |
| ISBN 7-80548-807-X:CNY26.00 |
| 本书以白尚恕的《九章算术注释》为蓝本,全部译出了《九章算术》的问题、答案和“术文”。 |
| ● |
| 相关链接 |
|
|
|
|
正题名:白话九章算术
索取号:O112/38
 
预约/预借
| 序号 | 登录号 | 条形码 | 馆藏地/架位号 | 状态 | 备注 |
| 1 | 0367236 | 203672365 | 第二样本阅览室/ [索取号:O112/38] | 在馆 | |
| 2 | 0367237 | 203672374 | 第三借阅区/ [索取号:O112/38] | 在馆 | |
| 3 | 0367238 | 203672383 | 第三借阅区/ [索取号:O112/38] | 在馆 | |
| 4 | 0367239 | 203672392 | 第三借阅区/ [索取号:O112/38] | 在馆 | |
| 5 | 0367240 | 203672409 | 第三借阅区/ [索取号:O112/38] | 在馆 | |
| 6 | 0367241 | 203672418 | 第三借阅区/ [索取号:O112/38] | 在馆 |